00422nam a2200181Ia 4500008004100000020001800041050001400059100002000073245002600093245002000119260001500139260001600154260000900170300001600179300002700195300001000222500000800232170918s9999 xx 000 0 und d a9780439203401 bE669 1999 aErdrich, Louise 4aThe birchbark house / cLouise Erdrich. aNew York : bScholastic, c1999 a239 pages : bcolored illustration ; c19cm. a970